| 000 | 00551nam a2200181Ia 4500 | ||
|---|---|---|---|
| 005 | 20250508153358.0 | ||
| 008 | 008 250505s9999 xx 000 0 eng d | ||
| 037 | _aTextual | ||
| 040 |
_aFEDL _beng _cFEDL |
||
| 041 |
_aeng _2eng |
||
| 084 |
_a378.996 1, NEW _qFEDL |
||
| 245 | 0 | _aMedical colleges and training instructions in India | |
| 245 | 0 | _cNew Delhi. Health, (Ministry of ) | |
| 260 |
_aDelhi, India _bManager of Publications _c1959 |
||
| 300 | _aix,244p | ||
| 942 |
_cTEXL _h378.996 1, NEW |
||
| 999 |
_c1342437 _d1342437 |
||